00423nam a2200169 a 4500001001300000003000900013005001700022008004100039020000900080082001800089100001300107245002300120260004400143300000900187500003500196505002200231nice12345678IN_TiNIC20260116012724.0050524s1973 lona grp 000 0 eng  ac4500a954.0359bWAV aWavell,  aViceroy`s Journal. aLondan bOxford University Press c1973 a528p aincludes index and biblioraphy2 aAppendix, Indexes